000 00601nam a2200205 i 4500
001 71867
003 ES-MaACL
005 20240501063036.0
007 t|
008 040819s1928 fr ||||1| fre d
080 _a913(67=133.1)
100 1 _aGide, André,
_d1869-1951
_956674
245 1 0 _aVoyage au Congo
_b: carnets de route /
_cAndré Gide.
250 _a34éme ed.
260 _aParis :
_b[s.n.,
_c1928] (
_fF. Paillart)
300 _a250 p. ;
_c19 cm.
651 4 _aÁfrica Ecuatorial Francesa-
_xDescripción.
_9155230
852 _aES-MaACL
_jB-6439
999 _c71867
_d71867